Will the Real Pastor Please Stand Up? (Record no. 11349)

MARC details
000 -LEADER
fixed length control field 00634nam a2200241 a 4500
001 - CONTROL NUMBER
control field 0001-1349
003 - CONTROL NUMBER IDENTIFIER
control field ELIB.Books
008 - FIXED-LENGTH DATA ELEMENTS--GENERAL INFORMATION
fixed length control field 151021 2010 eng
020 ## - INTERNATIONAL STANDARD BOOK NUMBER
International Standard Book Number KBTS
035 ## - SYSTEM CONTROL NUMBER
System control number (ELIB.Books)0001-1504
092 ## - LOCALLY ASSIGNED DEWEY CALL NUMBER (OCLC)
Classification number 253
Item number Gra
100 ## - MAIN ENTRY--PERSONAL NAME
Personal name Gray, James R.
245 ## - TITLE STATEMENT
Title Will the Real Pastor Please Stand Up?
260 ## - PUBLICATION, DISTRIBUTION, ETC. (IMPRINT)
Place of publication, distribution, etc. Georgia
Name of publisher, distributor, etc. James R. Gray Ministries, Inc.
Date of publication, distribution, etc. 1982
300 ## - PHYSICAL DESCRIPTION
Extent 56
Dimensions 2.5 Cm
500 ## - GENERAL NOTE
General note Library/ C/o Par Gideon Taw
650 ## - SUBJECT ADDED ENTRY--TOPICAL TERM
Topical term or geographic name as entry element Pastoral Theology
856 ## - ELECTRONIC LOCATION AND ACCESS
Name of location of host KBTS: Library
Uniform Resource Identifier <a href="KBTS: Elib">KBTS: Elib</a>
942 ## - ADDED ENTRY ELEMENTS (KOHA)
Source of classification or shelving scheme Dewey Decimal Classification
Koha item type Books
990 ## - EQUIVALENCES OR CROSS-REFERENCES [LOCAL, CANADA]
Link information for 9XX fields 2
998 ## - LOCAL CONTROL INFORMATION (RLIN)
Cataloger's initials, CIN (RLIN) bat
-- 2015-10-21
Holdings
Withdrawn status Lost status Source of classification or shelving scheme Damaged status Not for loan Home library Current library Date acquired Total Checkouts Barcode Date last seen Bill Date Koha item type
    Dewey Decimal Classification     Karen Baptist Theological Seminary Library Karen Baptist Theological Seminary Library 21/10/2015   15790, 15791 22/01/2022 22/01/2022 Books
Implemented & Customized by: BestBookBuddies

Powered by Koha